All Brother Bear characters by screen time - Statistics

General Stats
  • This quiz has been taken 6 times
  • The average score is 6 of 9
Answer Stats
% Of Movie Screen Time Answer % Correct
18.95 16:04 Denahi
100%
52.40 44:26 Kenai
100%
28.32 24:01 Koda
100%
7.21 6:07 Sitka
100%
6.74 5:43 Tanana
75%
8.39 7:07 Rutt
50%
8.33 7:04 Tuke
50%
4.15 3:31 Koda's Mother
25%
3.05 2:35 Tug
25%
No matching quizzes found
Score Distribution
Percent of People with Each Score
Percentile by Number Answered
Your Score History
You have not taken this quiz